Solid state Chemistry / (Record no. 255)
[ view plain ]
| 000 -LEADER | |
|---|---|
| Fixed length control field | 00467nam a2200181 4500 |
| 003 - CONTROL NUMBER IDENTIFIER | |
| Control field | SEACOMEC |
| 005 - DATE AND TIME OF LATEST TRANSACTION | |
| Control field | 20241203130411.0 |
| 008 - FIXED-LENGTH DATA ELEMENTS--GENERAL INFORMATION | |
| Fixed length control field | 231026b |||||||| |||| 00| 0 eng d |
| 020 ## - INTERNATIONAL STANDARD BOOK NUMBER / ISBN | |
| Price | Rs.185.00 |
| International Standard Book Number | 9781906574680 |
| 040 ## - CATALOGING SOURCE | |
| Original cataloging agency | SEACOMEC |
| 082 1# - DEWEY DECIMAL CLASSIFICATION NUMBER | |
| Classification number | 541.0421 |
| Book Number | C435 |
| 100 1# - MAIN ENTRY--PERSONAL NAME | |
| Personal name | Chakraborty, D.K. |
| 245 1# - TITLE STATEMENT | |
| Title | Solid state Chemistry / |
| Statement of responsibility | D.K. Chakraborty |
| 260 ## - IMPRINT | |
| Place of publication | New Delhi |
| Name of publisher | New Age |
| Date of publication | 2005 |
| 650 ## - SUBJECT ADDED ENTRY--TOPICAL TERM | |
| Topical term | Chemistry |
| 650 ## - SUBJECT ADDED ENTRY--TOPICAL TERM | |
| Topical term | Physical chemistry |
| 942 ## - ADDED ENTRY ELEMENTS (KOHA) | |
| Koha item type | Books |
| Withdrawn status | Lost status | Source of classification | Damaged status | Not for loan | Home library | Current library | Date acquired | Total Checkouts | Call number | Accession number | Date last seen | Price effective from | Koha item type | Copy number |
|---|---|---|---|---|---|---|---|---|---|---|---|---|---|---|
| Dewey Decimal Classification | SEACOM ENGINEERING COLLEGE | SEACOM ENGINEERING COLLEGE | 01/06/2006 | 541.0421 C435 | 00182 | 03/12/2024 | 03/12/2024 | Books | ||||||
| Dewey Decimal Classification | SEACOM ENGINEERING COLLEGE | SEACOM ENGINEERING COLLEGE | 01/06/2006 | 541.0421 C435 | 00183 | 03/12/2024 | 03/12/2024 | Books | 1 | |||||
| Dewey Decimal Classification | SEACOM ENGINEERING COLLEGE | SEACOM ENGINEERING COLLEGE | 01/06/2006 | 541.0421 C435 | 00184 | 03/12/2024 | 03/12/2024 | Books | 2 | |||||
| Dewey Decimal Classification | SEACOM ENGINEERING COLLEGE | SEACOM ENGINEERING COLLEGE | 01/06/2006 | 541.0421 C435 | 00185 | 03/12/2024 | 03/12/2024 | Books | 3 | |||||
| Dewey Decimal Classification | SEACOM ENGINEERING COLLEGE | SEACOM ENGINEERING COLLEGE | 01/06/2006 | 541.0421 C435 | 00186 | 03/12/2024 | 03/12/2024 | Books | 4 |
